উসমানী খিলাফতের ইতিহাস / (Record no. 12228)
[ view plain ]
| 000 -LEADER | |
|---|---|
| fixed length control field | 01025nam a22002537a 4500 |
| 001 - CONTROL NUMBER | |
| JCCL Control Number | 12228 |
| 003 - CONTROL NUMBER IDENTIFIER | |
| JCCL marc code | BD-JhCC |
| 005 - DATE AND TIME OF LATEST TRANSACTION | |
| control field | 20220623134024.0 |
| 008 - FIXED-LENGTH DATA ELEMENTS--GENERAL INFORMATION | |
| fixed length control field | 210829b2019 bg |||| |a|| 000 0 ben d |
| 020 ## - INTERNATIONAL STANDARD BOOK NUMBER | |
| International Standard Book Number | 9843114260 |
| 035 ## - SYSTEM CONTROL NUMBER | |
| system control number | (BD-JhCC)12228 |
| 040 ## - CATALOGING SOURCE | |
| Original cataloging agency | BD-JhCC |
| Modifying agency | BD-JhCC |
| 041 ## - LANGUAGE CODE | |
| Language code of Book | Bengali |
| 082 ## - DEWEY DECIMAL CLASSIFICATION NUMBER | |
| DDC Edition number | 23 |
| Classification number | 956.1015 |
| Author mark and Year | SIR 2019 |
| 100 ## - MAIN ENTRY--PERSONAL NAME | |
| Personal name | সিরমা, প্রফেসর ড. ইহসান সুরাইয়্যা |
| 245 ## - TITLE STATEMENT | |
| Title | উসমানী খিলাফতের ইতিহাস / |
| Statement of responsibility, etc | প্রফেসর ড. ইহসান সুরাইয়্যা সিরমা, অনুঃ মুহাম্মদ বুরহান উদ্দিন। |
| 260 ## - PUBLICATION, DISTRIBUTION, ETC. (IMPRINT) | |
| Place of publication, distribution, etc | ঢাকা: |
| Name of publisher, distributor, etc | মেধা বিকাশ প্রকাশন; |
| Date of publication, distribution, etc | ২০১৯. |
| 300 ## - PHYSICAL DESCRIPTION | |
| Pagination | 437 p. : |
| Dimensions | 22 cm. |
| 650 ## - SUBJECT ADDED ENTRY--TOPICAL TERM | |
| Topical term or geographic name as entry element | khilafat e usmania |
| 650 ## - SUBJECT ADDED ENTRY--TOPICAL TERM | |
| Topical term or geographic name as entry element | Ottoman Empire |
| Geographic subdivision | Turkey |
| 700 ## - ADDED ENTRY--PERSONAL NAME | |
| Personal name | উদ্দিন, মুহাম্মদ বুরহান |
| 942 ## - ADDED ENTRY ELEMENTS (KOHA) | |
| Source of classification or shelving scheme | Dewey Decimal Classification |
| Koha item type | Books |
| Koha issues (borrowed), all copies | 2 |
| Source of classification or shelving scheme | Damaged status | Not for loan | Home library | Current library | Shelving location | Date of accession | Cost, normal purchase price | Total Checkouts | Full call number | Barcode | Date last seen | Date checked out | Copy number | Koha item type |
|---|---|---|---|---|---|---|---|---|---|---|---|---|---|---|
| Dewey Decimal Classification | JCC Rouf Library | JCC Rouf Library | General Stacks | 08/29/2021 | 350.00 | 1 | 956.1015 SIR 2019 | 16754 | 08/07/2022 | 06/22/2022 | C-1 | Books |